The Gulf War and the New World Order (Record no. 220588)
[ view plain ]
| 000 -LEADER | |
|---|---|
| fixed length control field | 00784nam a22002417a 4500 |
| 005 - DATE AND TIME OF LATEST TRANSACTION | |
| control field | 20211115120506.0 |
| 008 - FIXED-LENGTH DATA ELEMENTS--GENERAL INFORMATION | |
| fixed length control field | 211115b ||||| |||| 00| 0 eng d |
| 020 ## - INTERNATIONAL STANDARD BOOK NUMBER | |
| International Standard Book Number | 1856490424 |
| 040 ## - CATALOGING SOURCE | |
| Transcribing agency | AL |
| 041 ## - LANGUAGE CODE | |
| Language code of text/sound track or separate title | eng |
| 082 ## - DEWEY DECIMAL CLASSIFICATION NUMBER | |
| Edition number | 23 |
| Classification number | 327.56 |
| Item number | BREG |
| 100 ## - MAIN ENTRY--PERSONAL NAME | |
| Personal name | Haim Breshneeth: Nira Tyval-Davis Ed |
| 9 (RLIN) | 10394 |
| 245 ## - TITLE STATEMENT | |
| Title | The Gulf War and the New World Order |
| 260 ## - PUBLICATION, DISTRIBUTION, ETC. | |
| Name of publisher, distributor, etc. | London |
| Place of publication, distribution, etc. | Zed Books Ltd |
| Date of publication, distribution, etc. | 1991 |
| 300 ## - PHYSICAL DESCRIPTION | |
| Extent | x,203 |
| Other physical details | PB |
| Dimensions | 21x18 cm. |
| 520 ## - SUMMARY, ETC. | |
| Uniform Resource Identifier | <a href="https://www.academia.edu/1272608/The_Gulf_War_and_the_new_world_order">https://www.academia.edu/1272608/The_Gulf_War_and_the_new_world_order</a> |
| 650 ## - SUBJECT ADDED ENTRY--TOPICAL TERM | |
| Topical term or geographic name entry element | International Relation |
| 9 (RLIN) | 10395 |
| 650 ## - SUBJECT ADDED ENTRY--TOPICAL TERM | |
| Topical term or geographic name entry element | Britain and the Gulf War |
| 9 (RLIN) | 10396 |
| 650 ## - SUBJECT ADDED ENTRY--TOPICAL TERM | |
| Topical term or geographic name entry element | Middle East Protagonists |
| 9 (RLIN) | 10397 |
| 650 ## - SUBJECT ADDED ENTRY--TOPICAL TERM | |
| Topical term or geographic name entry element | Iraqi US War |
| 9 (RLIN) | 10398 |
| 700 ## - ADDED ENTRY--PERSONAL NAME | |
| Personal name | BRESHNEETH (Haim): YUVAL-DAVIS (Nira) Ed |
| 9 (RLIN) | 10399 |
| 942 ## - ADDED ENTRY ELEMENTS (KOHA) | |
| Source of classification or shelving scheme | Dewey Decimal Classification |
| Koha item type | George Fernandes Collections |
| Withdrawn status | Lost status | Source of classification or shelving scheme | Damaged status | Not for loan | Collection code | Home library | Current library | Date acquired | Total Checkouts | Full call number | Barcode | Date last seen | Price effective from | Koha item type |
|---|---|---|---|---|---|---|---|---|---|---|---|---|---|---|
| Dewey Decimal Classification | Political Science | St Aloysius Library | St Aloysius Library | 03/24/2013 | 327.56 BREG | GF03308 | 11/15/2021 | 11/15/2021 | George Fernandes Collections |